Normal view MARC view

Entry Personal Name

Number of records used in: 2

001 - CONTROL NUMBER

  • control field: 43762

003 - CONTROL NUMBER IDENTIFIER

  • control field: dpl

005 - DATE AND TIME OF LATEST TRANSACTION

  • control field: 20120313163311.0

008 - FIXED-LENGTH DATA ELEMENTS

  • fixed length control field: 120313|||a|||||| | ||| d

040 ## - CATALOGING SOURCE

  • Original cataloging agency: dpl
  • Transcribing agency: dpl

100 ## - HEADING--PERSONAL NAME

  • Personal name: Halan, Y.C.

670 ## - SOURCE DATA FOUND

  • Source citation: Work cat.: (dpl): Halan, Y.C., The success system :, 2000

670 ## - SOURCE DATA FOUND

  • Source citation: Work cat.: (dpl): Halan, Y.C., The success system :, 2000

© Delhi Public Library
Hit Counter
free hit counter